О реализации практико-ориентированного обучения в САФУ; Инженерное образование; № 16
| Parent link: | Инженерное образование: электронный научный журнал/ Ассоциация инженерного образования России (АИОР).— : [Б. и.], 2003-.— 1810-2883 № 16.— 2014.— [С. 86-92] |
|---|---|
| Andre forfattere: | , , , |
| Summary: | Заглавие с титульного листа В данной статье рассматривается реализация группового проектирования на принципах междисциплинарности, практико-ориентированности в контексте образовательных программ. Необходимость запуска проекта по формированию навыков проектной работы и формированию личностных и межличностных компетенций обучающихся. |
| Sprog: | russisk |
| Udgivet: |
2014
|
| Serier: | Методологическое обеспечение реализации подхода CDIO |
| Fag: | |
| Online adgang: | https://old.aeer.ru/files/io/m16/art_10.pdf |
| Format: | Electronisk Book Chapter |
| KOHA link: | https://koha.lib.tpu.ru/cgi-bin/koha/opac-detail.pl?biblionumber=542962 |
MARC
| LEADER | 00000naa2a2200000 4500 | ||
|---|---|---|---|
| 001 | 542962 | ||
| 005 | 20250520140609.0 | ||
| 035 | |a (RuTPU)RU\TPU\prd\233556 | ||
| 035 | |a RU\TPU\prd\233509 | ||
| 090 | |a 542962 | ||
| 100 | |a 20150319a2014 k y0rusy50 ca | ||
| 101 | 0 | |a rus | |
| 102 | |a RU | ||
| 135 | |a drcn ---uucaa | ||
| 181 | 0 | |a i | |
| 182 | 0 | |a b | |
| 200 | 1 | |a О реализации практико-ориентированного обучения в САФУ |b Электронный ресурс |f О. Д. Бугаенко [и др.] | |
| 203 | |a Текст |c электронный | ||
| 215 | |a 1 файл (567 Кб) | ||
| 225 | 1 | |a Методологическое обеспечение реализации подхода CDIO | |
| 230 | |a Электронные текстовые данные (1 файл : 567 Кб) | ||
| 300 | |a Заглавие с титульного листа | ||
| 320 | |a [Библиогр.: с. 92 (5 назв.)] | ||
| 330 | |a В данной статье рассматривается реализация группового проектирования на принципах междисциплинарности, практико-ориентированности в контексте образовательных программ. Необходимость запуска проекта по формированию навыков проектной работы и формированию личностных и межличностных компетенций обучающихся. | ||
| 337 | |a Adobe Reader | ||
| 461 | 1 | |0 (RuTPU)RU\TPU\prd\176632 |x 1810-2883 |t Инженерное образование |o электронный научный журнал |f Ассоциация инженерного образования России (АИОР) |n [Б. и.] |d 2003- | |
| 463 | 1 | |0 (RuTPU)RU\TPU\prd\1188 |t № 16 |v [С. 86-92] |d 2014 | |
| 610 | 1 | |a инженерное образование | |
| 610 | 1 | |a электронный ресурс | |
| 610 | 1 | |a CDIO | |
| 610 | 1 | |a образовательные программы | |
| 610 | 1 | |a компетенции | |
| 610 | 1 | |a междисциплинарность | |
| 610 | 1 | |a обучение | |
| 610 | 1 | |a технологии | |
| 701 | 1 | |a Бугаенко |b О. Д. | |
| 701 | 1 | |a Арнаутов |b А. Д. | |
| 701 | 1 | |a Иванова |b Е. Е. | |
| 701 | 1 | |a Родионова |b Е. В. | |
| 801 | 1 | |a RU |b 63413507 |c 20090623 |g PSBO | |
| 801 | 2 | |a RU |b 63413507 |c 20180426 |g PSBO | |
| 856 | 4 | |u https://old.aeer.ru/files/io/m16/art_10.pdf | |
| 942 | |c BK | ||